书目信息 |
| 题名: |
以人为本 服务创新
|
|
| 作者: | ;中国图书馆学会 编 | |
| 分册: | ||
| 出版信息: | 北京 北京图书馆出版社 2005.7 |
|
| 页数: | 555页 | |
| 开本: | 26cm | |
| 丛书名: | ||
| 单 册: | ||
| 中图分类: | G25-53 | |
| 科图分类: | ||
| 主题词: | 图书馆工作--tu shu guan gong zuo--学术会议--文集 , 学术会议--xue shu hui yi | |
| 电子资源: | ||
| ISBN: | 7-5013-2797-1 | |
| 000 | 00859nam0 2200241 45 | |
| 001 | 012005000000 | |
| 005 | 20061012151707.92 | |
| 010 | @a7-5013-2797-1@dCNY70.00 | |
| 100 | @a20050912d2005 em y0chiy0121 ea | |
| 101 | 0 | @achi |
| 102 | @aCN@b110000 | |
| 105 | @ay z 000yy | |
| 200 | 1 | @a以人为本 服务创新@Ayi ren wei ben fu wu chuang xin@f中国图书馆学会编 |
| 210 | @a北京@c北京图书馆出版社@d2005.7 | |
| 215 | @a555页@d26cm | |
| 320 | @a有书目 | |
| 330 | @a本书收录了中国图书馆学会2005年年会征文的优秀论文,所收录的113篇散文,是专家评审委员会从1374篇论文经过初评、复审、终评等严格评审出来的优秀文章。 | |
| 606 | 0 | @a图书馆工作@Atu shu guan gong zuo@x学术会议@j文集 |
| 606 | 0 | @a学术会议@Axue shu hui yi |
| 690 | @aG25-53@v4 | |
| 711 | 02 | @a中国图书馆学会@Azhong guo tu shu guan xue hui@4编 |
| 801 | 0 | @aCN@c20061012 |
| 905 | @a10447@dG25-53@eZ654 | |
| 以人为本 服务创新/中国图书馆学会编.-北京:北京图书馆出版社,2005.7 |
| 555页;26cm |
| ISBN 7-5013-2797-1:CNY70.00 |
| 本书收录了中国图书馆学会2005年年会征文的优秀论文,所收录的113篇散文,是专家评审委员会从1374篇论文经过初评、复审、终评等严格评审出来的优秀文章。 |
| ● |
| 相关链接 |
|
|
|
正题名:以人为本 服务创新
索取号:G25-53/Z654
 
预约/预借
| 序号 | 登录号 | 条形码 | 馆藏地/架位号 | 状态 | 备注 |
| 1 | 549651 | 205496514 | 社科库409/409社科库 58排7列4层/ [索取号:G25-53/Z654] | 在馆 |